书目信息 |
| 题名: |
儿科护理技术
|
|
| 作者: | 沈南平 主编 | |
| 分册: | ||
| 出版信息: | 北京 人民卫生出版社 2011.12 |
|
| 页数: | 13, 205页 | |
| 开本: | 26cm | |
| 丛书名: | 临床护理技术图解丛书 | |
| 单 册: | ||
| 中图分类: | R473.72-64 | |
| 科图分类: | ||
| 主题词: | 儿科学--护理学--图解 | |
| 电子资源: | ||
| ISBN: | 978-7-117-14846-7 | |
| 000 | 01048oam2 2200265 45 | |
| 001 | 1360105546 | |
| 005 | 20130530154556.53 | |
| 010 | @a978-7-117-14846-7@dCNY72.00 | |
| 100 | @a20130513d2011 em y0chiy0121 ea | |
| 101 | 0 | @achi |
| 102 | @aCN@b110000 | |
| 105 | @aak a 000yy | |
| 106 | @ar | |
| 200 | 1 | @a儿科护理技术@AEr Ke Hu Li Ji Shu@f主编沈南平@FZhu Bian Shen Nan Ping |
| 210 | @a北京@c人民卫生出版社@d2011.12 | |
| 215 | @a13, 205页@c彩图@d26cm | |
| 225 | 2 | @a临床护理技术图解丛书 |
| 320 | @a有书目 (第204-205页) | |
| 330 | @a本书分为九章, 包含85项操作。结构上主要分三部分: 第一部分主要是儿科护理基本操作, 包括消毒灭菌、无菌技术、日常基础护理、测量等操作; 第二部分主要是诊疗协助操作, 包括给药、血管通路建立和维护、标本收集等操作; 第三部分主要是功能性健康护理操作, 包括营养-代谢、排泄、活动-运动等操作。 | |
| 461 | 0 | @12001 @a临床护理技术图解丛书 |
| 606 | 0 | @a儿科学@x护理学@j图解 |
| 690 | @aR473.72-64@v5 | |
| 701 | 0 | @a沈南平@AShen Nan Ping@4主编 |
| 801 | @aCN@bTANGWEI@c20130523 | |
| 905 | @b0834356-58@dR473.72-64@e88@f3 | |
| 儿科护理技术/主编沈南平.-北京:人民卫生出版社,2011.12 |
| 13, 205页:彩图;26cm.-(临床护理技术图解丛书) |
| ISBN 978-7-117-14846-7:CNY72.00 |
| 本书分为九章, 包含85项操作。结构上主要分三部分: 第一部分主要是儿科护理基本操作, 包括消毒灭菌、无菌技术、日常基础护理、测量等操作; 第二部分主要是诊疗协助操作, 包括给药、血管通路建立和维护、标本收集等操作; 第三部分主要是功能性健康护理操作, 包括营养-代谢、排泄、活动-运动等操作。 |
| ● |
| 相关链接 |
|
|
|
|
正题名:儿科护理技术
索取号:R473.72-64/88
 
预约/预借
| 序号 | 登录号 | 条形码 | 馆藏地/架位号 | 状态 | 备注 |
| 1 | 0834356 | 208343568 | 第二样本阅览室/ [索取号:R473.72-64/88] | 在馆 | |
| 2 | 0834357 | 208343577 | 教育系资料室/ [索取号:R473.72-64/88] | 在馆 | |
| 3 | 0834358 | 208343586 | 第三借阅区/ [索取号:R473.72-64/88] | 在馆 |